| 000 | 00000nam##2200000za#4500 |
| 001 | 9.676838 |
| 003 | CaOODSP |
| 005 | 20210624230055 |
| 007 | cr ||||||||||| |
| 008 | 150407|1983||||xxc|||||o f|0| 0 fre|d |
| 040 | |aCaOODSP|bfre |
| 041 | |aeng |
| 041 | |afre |
| 043 | |an-cn--- |
| 086 | 1 |aA43-1756/1983-PDF |
| 110 | 1 |aCanada.|bAgriculture Canada. |bDirection générale de recherche. |
| 245 | 10|aManuel d'identification des maladies de l'oignon / |h[ressource électronique]|c[par] René Crête, Léon Tartier and Alain Devaux. |
| 260 | |aOttawa - Ontario : |bAgriculture Canada. |cc1983. |
| 300 | |a32p.|bill. en couleur |
| 500 | |aPublication historique numérisée par Agriculture et Agroalimentaire Canada. |
| 590 | |a15-03-Supp|b2015-03-13 |
| 691 | 07|aIndustrie agro-alimentaire|2gcpds |
| 720 | 1 |aCrête, René |
| 720 | 1 |aTartier, Léon |
| 720 | 1 |aDevaux, Alain |
| 791 | |tA manual for identifying onion diseases / |eeng|w(CaOODSP)9.676837 |
| 856 | 40|ahttp://publications.gc.ca|qPDF|s3017 Ko|uhttps://publications.gc.ca/collections/collection_2015/aac-aafc/A43-1756-1983.pdf |
| 986 | |aPublication 1756 |